Audit - predprípravná časť zavádzania TPM

Podnikový audit totálne produktívnej údržby TPM sa zameriava na vytvorenie návrhu postupnosti krokov implementácie TPM. Účelom je vytvorenie efektívnejšieho a produktívnejšieho systému organizácie a riadenia starostlivosti o HIM. Ciele auditu. Metodický postup: Prípravná fáza auditu. Realizácia audi...

Celý popis

Uložené v:
Podrobná bibliografia
Hlavný autor: Vráb, František, 1975-
Médium: Kapitola
Jazyk:Slovak
Predmet:
Tagy: Pridať tag
Žiadne tagy, Buďte prvý, kto otaguje tento záznam!

MARC

LEADER 00000naa a2200000 4500
001 r046522
005 20250523111524.0
041 0 |a slo 
044 |a SK 
245 1 0 |a Audit - predprípravná časť zavádzania TPM  |c František Vráb 
520 |a Podnikový audit totálne produktívnej údržby TPM sa zameriava na vytvorenie návrhu postupnosti krokov implementácie TPM. Účelom je vytvorenie efektívnejšieho a produktívnejšieho systému organizácie a riadenia starostlivosti o HIM. Ciele auditu. Metodický postup: Prípravná fáza auditu. Realizácia auditu. Fáza prezentácie auditu. 
610 2 0 |a audit 
610 2 0 |a podnik 
610 2 0 |a TPM 
610 2 0 |a údržba 
610 2 0 |a majetok hmotný 
610 2 0 |a metodika 
100 1 |a Vráb, František, 1975-